[Event "Northumbria Masters GM"]
[Site "Newcastle"]
[Date "2021.08.28"]
[Round "5.1"]
[White "Fodor, Tamas jr"]
[Black "Roberson, Peter T"]
[Result "1/2-1/2"]
[WhiteElo "2520"]
[BlackElo "2437"]
[PlyCount "103"]
[EventDate "2021.08.26"]
[EventType "tourn"]
[EventRounds "9"]
[EventCountry "ENG"]
[EventCategory "8"]
[SourceTitle "The Week in Chess 1399"]
[Source "Mark Crowther"]
[SourceDate "2021.08.30"]
[SourceVersion "1"]
[SourceVersionDate "2021.08.30"]
[SourceQuality "2"]

1. d4 d5 2. c4 c6 3. Nc3 Nf6 4. Nf3 e6 5. Bg5 dxc4 6. e4 b5 7. e5 h6 8. Bh4 g5
9. Nxg5 hxg5 10. Bxg5 Nbd7 11. exf6 Bb7 12. g3 c5 13. d5 Qb6 14. Bg2 O-O-O 15.
O-O b4 16. Ne2 Bxd5 17. Bxd5 Ne5 18. Nf4 exd5 19. Re1 Qd6 20. Qe2 Nc6 21. Qg4+
Qd7 22. Qxd7+ Rxd7 23. Re8+ Kb7 24. Rc1 d4 25. Rxc4 d3 26. Nxd3 Rxd3 27. Rxc5
Rd1+ 28. Kg2 Rxh2+ 29. Kxh2 Bxc5 30. Kg2 Ra1 31. Be3 Bxe3 32. Rxe3 Kc7 33. a3
Rb1 34. g4 Rxb2 35. g5 bxa3 36. Rxa3 Kd6 37. Kg3 a5 38. f4 Rb7 39. Rd3+ Ke6 40.
Kg4 a4 41. f5+ Ke5 42. Re3+ Kd5 43. g6 Ne5+ 44. Kg5 Rb4 45. Rg3 fxg6 46. fxg6
Ke6 47. g7 Kf7 48. Kf5 Ng4 49. Rc3 Nxf6 50. Rc7+ Kg8 51. Kxf6 Rb6+ 52. Ke5
1/2-1/2

[Event "Northumbria Masters GM"]
[Site "Newcastle"]
[Date "2021.08.28"]
[Round "5.2"]
[White "Cherniaev, Alexander"]
[Black "Harvey, Marcus R"]
[Result "1/2-1/2"]
[WhiteElo "2438"]
[BlackElo "2440"]
[PlyCount "46"]
[EventDate "2021.08.26"]
[EventType "tourn"]
[EventRounds "9"]
[EventCountry "ENG"]
[EventCategory "8"]
[SourceTitle "The Week in Chess 1399"]
[Source "Mark Crowther"]
[SourceDate "2021.08.30"]
[SourceVersion "1"]
[SourceVersionDate "2021.08.30"]
[SourceQuality "2"]

1. e4 e6 2. d4 d5 3. e5 c5 4. c3 Qb6 5. Nf3 Nc6 6. a3 c4 7. Nbd2 Na5 8. h4 Bd7
9. g3 Ne7 10. Bg2 f5 11. exf6 gxf6 12. O-O O-O-O 13. Re1 Kb8 14. Nf1 Nb3 15.
Rb1 Ka8 16. Bh3 Nxc1 17. Qxc1 h5 18. Qc2 Nf5 19. Re2 Ng7 20. Rbe1 Rh6 21. Qd2
Rg6 22. Qc2 Rh6 23. Qd2 Rg6 1/2-1/2

[Event "Northumbria Masters GM"]
[Site "Newcastle"]
[Date "2021.08.28"]
[Round "5.3"]
[White "Kilpatrick, Callum"]
[Black "Haria, Ravi"]
[Result "0-1"]
[WhiteElo "2381"]
[BlackElo "2440"]
[PlyCount "56"]
[EventDate "2021.08.26"]
[EventType "tourn"]
[EventRounds "9"]
[EventCountry "ENG"]
[EventCategory "8"]
[SourceTitle "The Week in Chess 1399"]
[Source "Mark Crowther"]
[SourceDate "2021.08.30"]
[SourceVersion "1"]
[SourceVersionDate "2021.08.30"]
[SourceQuality "2"]

1. e4 e6 2. d4 d5 3. Nd2 c5 4. Ngf3 cxd4 5. Nxd4 Nc6 6. Bb5 Bd7 7. Nxc6 bxc6 8.
Bd3 Bd6 9. Qe2 e5 10. exd5 cxd5 11. c4 Nf6 12. O-O Bg4 13. f3 Be6 14. cxd5 Nxd5
15. Bb5+ Kf8 16. Ne4 Be7 17. Kh1 f5 18. Nc3 Nxc3 19. bxc3 Qc7 20. Re1 Bf6 21.
Bf4 Kf7 22. a4 a6 23. Bd3 Rhd8 24. Bg3 Qxc3 25. Bxa6 Rd2 26. Qb5 Rb2 27. Rac1
Qd2 28. Qe2 Rxa6 0-1

[Event "Northumbria Masters GM"]
[Site "Newcastle"]
[Date "2021.08.28"]
[Round "5.4"]
[White "Turner, Matthew J"]
[Black "Wadsworth, Matthew J"]
[Result "0-1"]
[WhiteElo "2509"]
[BlackElo "2416"]
[PlyCount "134"]
[EventDate "2021.08.26"]
[EventType "tourn"]
[EventRounds "9"]
[EventCountry "ENG"]
[EventCategory "8"]
[SourceTitle "The Week in Chess 1399"]
[Source "Mark Crowther"]
[SourceDate "2021.08.30"]
[SourceVersion "1"]
[SourceVersionDate "2021.08.30"]
[SourceQuality "2"]

1. Nf3 Nf6 2. g3 d5 3. Bg2 c6 4. O-O Bf5 5. d3 e6 6. c4 dxc4 7. dxc4 Nbd7 8.
Nc3 e5 9. b3 Qc7 10. Bb2 Rd8 11. Qc1 h6 12. h3 Bb4 13. Ba3 Qa5 14. Bxb4 Qxb4
15. Qe3 O-O 16. Rad1 e4 17. Nd4 Bg6 18. Nc2 Qc5 19. Rd2 Qxe3 20. Nxe3 Nc5 21.
Rfd1 Rxd2 22. Rxd2 a5 23. g4 Re8 24. Kh2 Kf8 25. Kg3 Bh7 26. Rd1 g5 27. h4 Ke7
28. hxg5 hxg5 29. Rd2 Ke6 30. f4 exf3 31. exf3 Nfd7 32. f4 gxf4+ 33. Kxf4 Nd3+
34. Kg5 Rg8+ 35. Kh4 N7c5 36. g5 Bg6 37. Bh3+ Ke5 38. Ng4+ Kd6 39. Nf6 Rh8+ 40.
Kg3 Kc7 41. Bg2 Rd8 42. Nce4 a4 43. Nxc5 Nxc5 44. Rxd8 Kxd8 45. b4 Ne6 46. Kg4
Bd3 47. a3 Bxc4 48. Ne4 Bd5 49. Kf5 Ke7 50. Ke5 Nxg5 51. Nxg5 f6+ 52. Kf5 fxg5
53. Bf1 Kd6 54. Kxg5 Ke5 55. Kg4 b5 56. Kg3 Kd4 57. Kf2 Kc3 58. Ke3 Kb3 59. Kd4
Kxa3 60. Kc3 c5 61. bxc5 b4+ 62. Kd4 Bc6 63. Kc4 b3 64. Kc3 Be4 65. c6 b2 66.
c7 b1=Q 67. c8=Q Qb4# 0-1

[Event "Northumbria Masters GM"]
[Site "Newcastle"]
[Date "2021.08.28"]
[Round "5.5"]
[White "Murphy, Conor E"]
[Black "Eggleston, David J"]
[Result "1-0"]
[WhiteElo "2382"]
[BlackElo "2381"]
[PlyCount "95"]
[EventDate "2021.08.26"]
[EventType "tourn"]
[EventRounds "9"]
[EventCountry "ENG"]
[EventCategory "8"]
[SourceTitle "The Week in Chess 1399"]
[Source "Mark Crowther"]
[SourceDate "2021.08.30"]
[SourceVersion "1"]
[SourceVersionDate "2021.08.30"]
[SourceQuality "2"]

1. d4 Nf6 2. c4 e6 3. Nc3 Bb4 4. e3 O-O 5. Bd3 d5 6. Nge2 dxc4 7. Bxc4 c5 8. a3
cxd4 9. axb4 dxc3 10. Bd3 cxb2 11. Bxb2 Nbd7 12. Ng3 a5 13. O-O b6 14. Qe2 Bb7
15. Rad1 Qe7 16. Bb5 Rfd8 17. Rd4 axb4 18. Bxd7 Rxd7 19. Rf4 e5 20. Rh4 b3 21.
Rb1 Qe6 22. Rb4 Qc6 23. Qf1 Ba6 24. Qe1 Bd3 25. Rc1 Qe6 26. e4 Bc2 27. Qe3 Rd3
28. Qg5 Nd7 29. Nf5 g6 30. h3 Kh8 31. Ne3 f6 32. Qh6 Qd6 33. Rb5 Qc6 34. Rd5
Rxd5 35. Nxd5 Qd6 36. f4 Bxe4 37. Nxf6 Qxf6 38. Rc7 g5 39. Bxe5 Qxe5 40. fxe5
Bf5 41. Qc6 Ra1+ 42. Kh2 b2 43. e6 b1=Q 44. Qc3+ Kg8 45. Rc8+ Nf8 46. Rxf8+
Kxf8 47. Qf6+ Ke8 48. Qf7+ 1-0

[Event "Northumbria Masters GM"]
[Site "Newcastle"]
[Date "2021.08.29"]
[Round "6.1"]
[White "Roberson, Peter T"]
[Black "Eggleston, David J"]
[Result "1-0"]
[WhiteElo "2437"]
[BlackElo "2381"]
[PlyCount "65"]
[EventDate "2021.08.26"]
[EventType "tourn"]
[EventRounds "9"]
[EventCountry "ENG"]
[EventCategory "8"]
[SourceTitle "The Week in Chess 1399"]
[Source "Mark Crowther"]
[SourceDate "2021.08.30"]
[SourceVersion "1"]
[SourceVersionDate "2021.08.30"]
[SourceQuality "2"]

1. e4 c5 2. Nc3 d6 3. d4 cxd4 4. Qxd4 a6 5. b3 Nc6 6. Qd2 Nf6 7. Bb2 e6 8.
O-O-O b5 9. f3 Be7 10. Kb1 b4 11. Na4 O-O 12. g4 Nd7 13. h4 Nc5 14. g5 Nxa4 15.
bxa4 Qa5 16. Bc4 Qxa4 17. h5 Na5 18. Bb3 Nxb3 19. axb3 Qb5 20. g6 e5 21. gxh7+
Kxh7 22. Qg2 a5 23. Ne2 a4 24. Nf4 axb3 25. Rdg1 bxc2+ 26. Kc1 Bf6 27. Nd5 Qxd5
28. exd5 b3 29. f4 Ra2 30. fxe5 dxe5 31. Rf1 Bd7 32. Rxf6 gxf6 33. Rg1 1-0

[Event "Northumbria Masters GM"]
[Site "Newcastle"]
[Date "2021.08.29"]
[Round "6.2"]
[White "Wadsworth, Matthew J"]
[Black "Murphy, Conor E"]
[Result "1/2-1/2"]
[WhiteElo "2416"]
[BlackElo "2382"]
[PlyCount "104"]
[EventDate "2021.08.26"]
[EventType "tourn"]
[EventRounds "9"]
[EventCountry "ENG"]
[EventCategory "8"]
[SourceTitle "The Week in Chess 1399"]
[Source "Mark Crowther"]
[SourceDate "2021.08.30"]
[SourceVersion "1"]
[SourceVersionDate "2021.08.30"]
[SourceQuality "2"]

1. Nf3 d5 2. g3 Bg4 3. Bg2 Nd7 4. c4 e6 5. b3 Ngf6 6. Bb2 Be7 7. O-O O-O 8. d3
c6 9. h3 Bh5 10. g4 Bg6 11. Nh4 Ne8 12. Nxg6 hxg6 13. Nd2 Bf6 14. d4 Nd6 15. e3
Be7 16. c5 Nb5 17. b4 b6 18. a4 Nc7 19. Nb3 f5 20. f4 g5 21. Rc1 b5 22. Na5 Nb8
23. Rf2 a6 24. axb5 Nxb5 25. Qd3 Ra7 26. Rcf1 g6 27. Rf3 Bf6 28. h4 gxh4 29. g5
Bxg5 30. fxg5 Qxg5 31. Kh1 Qh6 32. R3f2 g5 33. e4 h3 34. Qxh3 Qxh3+ 35. Bxh3
Rh7 36. Rh2 dxe4 37. Rg1 g4 38. Bxg4 Rxh2+ 39. Kxh2 fxg4 40. Rxg4+ Kh7 41. Bc1
Nxd4 42. Rxe4 e5 43. Kg2 Rf5 44. Bb2 Nf3 45. Re3 Nh4+ 46. Kg3 Ng6 47. Kg4 Rf4+
48. Kg5 Rxb4 49. Bxe5 Nxe5 50. Rxe5 Kg7 51. Re7+ Kf8 52. Rc7 Ke8 1/2-1/2

[Event "Northumbria Masters GM"]
[Site "Newcastle"]
[Date "2021.08.29"]
[Round "6.3"]
[White "Haria, Ravi"]
[Black "Turner, Matthew J"]
[Result "1/2-1/2"]
[WhiteElo "2440"]
[BlackElo "2509"]
[PlyCount "49"]
[EventDate "2021.08.26"]
[EventType "tourn"]
[EventRounds "9"]
[EventCountry "ENG"]
[EventCategory "8"]
[SourceTitle "The Week in Chess 1399"]
[Source "Mark Crowther"]
[SourceDate "2021.08.30"]
[SourceVersion "1"]
[SourceVersionDate "2021.08.30"]
[SourceQuality "2"]

1. e4 e5 2. Nf3 d6 3. d4 exd4 4. Nxd4 Nf6 5. Nc3 Be7 6. Bf4 O-O 7. Qd2 Nc6 8.
O-O-O Nxd4 9. Qxd4 Be6 10. f3 Nd7 11. Nd5 Bg5 12. h4 Bxf4+ 13. Nxf4 Qf6 14.
Qxf6 Nxf6 15. g4 Rad8 16. Be2 Nd7 17. Rd4 Nc5 18. a3 Bc8 19. Nd5 Ne6 20. Rd2
Rfe8 21. Rhd1 Bd7 22. Bf1 Bc6 23. Nb4 a5 24. Nxc6 bxc6 25. Bc4 1/2-1/2

[Event "Northumbria Masters GM"]
[Site "Newcastle"]
[Date "2021.08.29"]
[Round "6.4"]
[White "Harvey, Marcus R"]
[Black "Kilpatrick, Callum"]
[Result "0-1"]
[WhiteElo "2440"]
[BlackElo "2381"]
[PlyCount "44"]
[EventDate "2021.08.26"]
[EventType "tourn"]
[EventRounds "9"]
[EventCountry "ENG"]
[EventCategory "8"]
[SourceTitle "The Week in Chess 1399"]
[Source "Mark Crowther"]
[SourceDate "2021.08.30"]
[SourceVersion "1"]
[SourceVersionDate "2021.08.30"]
[SourceQuality "2"]

1. Nf3 Nf6 2. c4 g6 3. b3 Bg7 4. Bb2 O-O 5. g3 d6 6. d4 c5 7. Bg2 Nc6 8. O-O
cxd4 9. Nxd4 Nxd4 10. Bxd4 Qa5 11. e3 Bg4 12. Qd2 Qh5 13. Bb2 Bf3 14. Nc3 Rfd8
15. e4 Ng4 16. h3 Ne5 17. g4 Qh4 18. Nd5 e6 19. Ne3 h5 20. gxh5 Bxg2 21. Bxe5
Bf3 22. Bh2 Qxh3 0-1

[Event "Northumbria Masters GM"]
[Site "Newcastle"]
[Date "2021.08.29"]
[Round "6.5"]
[White "Fodor, Tamas jr"]
[Black "Cherniaev, Alexander"]
[Result "1/2-1/2"]
[WhiteElo "2520"]
[BlackElo "2438"]
[PlyCount "24"]
[EventDate "2021.08.26"]
[EventType "tourn"]
[EventRounds "9"]
[EventCountry "ENG"]
[EventCategory "8"]
[SourceTitle "The Week in Chess 1399"]
[Source "Mark Crowther"]
[SourceDate "2021.08.30"]
[SourceVersion "1"]
[SourceVersionDate "2021.08.30"]
[SourceQuality "2"]

1. Nf3 Nf6 2. g3 b5 3. Bg2 Bb7 4. d4 e6 5. O-O Be7 6. Nbd2 O-O 7. a4 b4 8. c4
d6 9. b3 Nbd7 10. Bb2 c5 11. e3 Qc7 12. Qc2 a6 1/2-1/2

[Event "Northumbria Masters GM"]
[Site "Newcastle"]
[Date "2021.08.29"]
[Round "7.1"]
[White "Cherniaev, Alexander"]
[Black "Roberson, Peter T"]
[Result "1/2-1/2"]
[WhiteElo "2438"]
[BlackElo "2437"]
[PlyCount "24"]
[EventDate "2021.08.26"]
[EventType "tourn"]
[EventRounds "9"]
[EventCountry "ENG"]
[EventCategory "8"]
[SourceTitle "The Week in Chess 1399"]
[Source "Mark Crowther"]
[SourceDate "2021.08.30"]
[SourceVersion "1"]
[SourceVersionDate "2021.08.30"]
[SourceQuality "2"]

1. e4 e6 2. d4 d5 3. e5 c5 4. c3 Nc6 5. Nf3 Bd7 6. Be2 Nge7 7. O-O Ng6 8. g3
Be7 9. h4 cxd4 10. cxd4 O-O 11. Nc3 f6 12. exf6 Bxf6 1/2-1/2

[Event "Northumbria Masters GM"]
[Site "Newcastle"]
[Date "2021.08.29"]
[Round "7.2"]
[White "Kilpatrick, Callum"]
[Black "Fodor, Tamas jr"]
[Result "1/2-1/2"]
[WhiteElo "2381"]
[BlackElo "2520"]
[PlyCount "36"]
[EventDate "2021.08.26"]
[EventType "tourn"]
[EventRounds "9"]
[EventCountry "ENG"]
[EventCategory "8"]
[SourceTitle "The Week in Chess 1399"]
[Source "Mark Crowther"]
[SourceDate "2021.08.30"]
[SourceVersion "1"]
[SourceVersionDate "2021.08.30"]
[SourceQuality "2"]

1. e4 e6 2. d4 d5 3. Nd2 c5 4. Ngf3 cxd4 5. Nxd4 Nc6 6. Bb5 Bd7 7. Nxc6 Bxc6 8.
Bxc6+ bxc6 9. c4 dxe4 10. Qa4 Qb6 11. Nxe4 Bb4+ 12. Nc3 Nf6 13. O-O O-O 14. Qc2
Qd4 15. Ne2 Qe4 16. Qxe4 Nxe4 17. Be3 a5 18. Rfd1 Rab8 1/2-1/2

[Event "Northumbria Masters GM"]
[Site "Newcastle"]
[Date "2021.08.29"]
[Round "7.3"]
[White "Turner, Matthew J"]
[Black "Harvey, Marcus R"]
[Result "0-1"]
[WhiteElo "2509"]
[BlackElo "2440"]
[PlyCount "94"]
[EventDate "2021.08.26"]
[EventType "tourn"]
[EventRounds "9"]
[EventCountry "ENG"]
[EventCategory "8"]
[SourceTitle "The Week in Chess 1399"]
[Source "Mark Crowther"]
[SourceDate "2021.08.30"]
[SourceVersion "1"]
[SourceVersionDate "2021.08.30"]
[SourceQuality "2"]

1. d4 d5 2. c4 c6 3. Nf3 Nf6 4. e3 Bf5 5. cxd5 cxd5 6. Qb3 Qb6 7. Qxb6 axb6 8.
Bb5+ Bd7 9. Nc3 Nc6 10. Bd2 e6 11. Ne5 Nxe5 12. dxe5 Ng4 13. f4 Bb4 14. Bxd7+
Kxd7 15. Ke2 Bxc3 16. Bxc3 h5 17. e4 Ra4 18. exd5 exd5 19. h3 Re4+ 20. Kd2 Nh6
21. Rhf1 Nf5 22. Rae1 Rxe1 23. Kxe1 d4 24. Bd2 h4 25. Rf3 Rh6 26. Rb3 Kc6 27.
Kf2 Rg6 28. Be1 Rg3 29. Rb4 Kc5 30. a4 Ne3 31. Rb5+ Kc6 32. e6 fxe6 33. Re5 Kd7
34. Rb5 Nd5 35. f5 Kc6 36. fxe6 Re3 37. Bd2 Rxe6 38. Rb3 Kc5 39. Rb5+ Kc6 40.
Rb3 Nf6 41. Kf3 Ne4 42. Bf4 Nc5 43. Ra3 Kd5 44. b4 Ne4 45. Kg4 g5 46. Bc1 Rc6
47. Ra1 Rc2 0-1

[Event "Northumbria Masters GM"]
[Site "Newcastle"]
[Date "2021.08.29"]
[Round "7.4"]
[White "Murphy, Conor E"]
[Black "Haria, Ravi"]
[Result "1-0"]
[WhiteElo "2382"]
[BlackElo "2440"]
[PlyCount "71"]
[EventDate "2021.08.26"]
[EventType "tourn"]
[EventRounds "9"]
[EventCountry "ENG"]
[EventCategory "8"]
[SourceTitle "The Week in Chess 1399"]
[Source "Mark Crowther"]
[SourceDate "2021.08.30"]
[SourceVersion "1"]
[SourceVersionDate "2021.08.30"]
[SourceQuality "2"]

1. d4 e6 2. c4 Nf6 3. Nc3 Bb4 4. e3 O-O 5. Bd3 d5 6. Nge2 dxc4 7. Bxc4 e5 8.
O-O Nc6 9. d5 Ne7 10. a3 Bd6 11. Ng3 c6 12. dxc6 Nxc6 13. b4 Qe7 14. Nce4 Nxe4
15. Nxe4 Bc7 16. Qb3 Qh4 17. f3 Bf5 18. Bb2 Rad8 19. Bd5 Bb6 20. Rad1 Qh6 21.
Nc5 a5 22. Kh1 axb4 23. axb4 Bc8 24. e4 Bc7 25. Qc4 Bb8 26. b5 Nd4 27. Nxb7
Rxd5 28. Qxd5 Ne2 29. Rfe1 Nf4 30. Qc6 Qg5 31. g3 Bh3 32. Ba3 Bg2+ 33. Kg1 Bxf3
34. Bxf8 Nh3+ 35. Kf1 Bxd1 36. Be7 1-0

[Event "Northumbria Masters GM"]
[Site "Newcastle"]
[Date "2021.08.29"]
[Round "7.5"]
[White "Eggleston, David J"]
[Black "Wadsworth, Matthew J"]
[Result "0-1"]
[WhiteElo "2381"]
[BlackElo "2416"]
[PlyCount "126"]
[EventDate "2021.08.26"]
[EventType "tourn"]
[EventRounds "9"]
[EventCountry "ENG"]
[EventCategory "8"]
[SourceTitle "The Week in Chess 1399"]
[Source "Mark Crowther"]
[SourceDate "2021.08.30"]
[SourceVersion "1"]
[SourceVersionDate "2021.08.30"]
[SourceQuality "2"]

1. e4 c5 2. Nf3 e6 3. d3 Nc6 4. g3 Nf6 5. Bg2 d5 6. Nbd2 Be7 7. O-O b5 8. Re1
O-O 9. e5 Nd7 10. Nf1 Bb7 11. h4 Qc7 12. Bf4 Rfc8 13. N1h2 Nd4 14. h5 h6 15.
Nxd4 cxd4 16. Qg4 Kh7 17. Re2 Nb8 18. Nf3 Nc6 19. Bc1 Bc5 20. Qf4 Re8 21. Nh2
Bf8 22. Ng4 a5 23. b3 a4 24. Bb2 Rec8 25. Bxd4 Nxd4 26. Qxd4 Qc3 27. Qxc3 Rxc3
28. Rb1 axb3 29. axb3 Ra2 30. Bf3 Bc5 31. Ne3 b4 32. Rc1 Bxe3 33. fxe3 Ba6 34.
Rd2 g6 35. g4 Rxb3 36. cxb3 Rxd2 37. d4 Be2 38. Rc7 Kg7 39. hxg6 Kxg6 40. Bxe2
Rxe2 41. Rb7 Rxe3 42. Rxb4 Rg3+ 43. Kf2 Rxg4 44. Ke3 h5 45. Rb8 Rg3+ 46. Ke2
Kf5 47. Rf8 Ke4 48. Rxf7 Kxd4 49. Rh7 Rxb3 50. Rxh5 Re3+ 51. Kd2 Rxe5 52. Rh8
Rg5 53. Rh4+ Kc5 54. Kd3 Rg3+ 55. Kd2 e5 56. Ke2 e4 57. Kd2 Kd4 58. Rh8 Rg2+
59. Ke1 Kd3 60. Ra8 e3 61. Ra3+ Ke4 62. Rb3 d4 63. Rb4 Kf3 0-1

[Event "Northumbria Masters GM"]
[Site "Newcastle"]
[Date "2021.08.30"]
[Round "8.1"]
[White "Roberson, Peter T"]
[Black "Wadsworth, Matthew J"]
[Result "1/2-1/2"]
[WhiteElo "2437"]
[BlackElo "2416"]
[PlyCount "143"]
[EventDate "2021.08.26"]
[EventType "tourn"]
[EventRounds "9"]
[EventCountry "ENG"]
[EventCategory "8"]
[SourceTitle "The Week in Chess 1399"]
[Source "Mark Crowther"]
[SourceDate "2021.08.30"]
[SourceVersion "1"]
[SourceVersionDate "2021.08.30"]
[SourceQuality "2"]

1. e4 c5 2. Nf3 e6 3. c3 d5 4. e5 Nc6 5. d4 Qb6 6. Bd3 Nh6 7. dxc5 Bxc5 8. O-O
Ng4 9. Qe2 f6 10. exf6 Nxf6 11. b4 Bd6 12. b5 Na5 13. Nbd2 O-O 14. c4 Bd7 15.
a4 Rae8 16. Bb2 e5 17. cxd5 Bg4 18. Rae1 e4 19. Nxe4 Nxe4 20. Bxe4 Bxh2+ 21.
Kxh2 Qh6+ 22. Kg1 Bxf3 23. Qxf3 Rxf3 24. Bxf3 Rxe1 25. Rxe1 Qd2 26. Rd1 Qxb2
27. d6 Qf6 28. d7 Qd8 29. Bg4 Kf8 30. Rc1 b6 31. Rc8 Ke7 32. f4 Nb7 33. Kf2 Nc5
34. Rxd8 Kxd8 35. Bd1 Kxd7 36. Bc2 h6 37. Ke3 Kd6 38. Kd4 a5 39. bxa6 Nxa6 40.
Ke4 Nc7 41. Bb3 Na6 42. Kf5 Nc5 43. Bd1 Ne6 44. g3 g5 45. fxg5 Nxg5 46. Bc2 Nf3
47. Kg6 Ke5 48. Kxh6 Kf6 49. Kh5 Ne5 50. Bd1 Nd3 51. Be2 Ne5 52. Kh4 Kf5 53.
g4+ Kg6 54. g5 Nd7 55. Bd3+ Kg7 56. Kg3 Nc5 57. Bc2 Kf7 58. Kf4 Kg7 59. Ke5 Kf7
60. Kf5 Kg7 61. Kf4 Kf7 62. Kg4 Kg7 63. Kh5 Nd7 64. Bd3 Nc5 65. Bb5 Nb7 66. Kg4
Nc5 67. Be8 Kf8 68. Bb5 Kg7 69. Kf5 Kf7 70. Ke5 Kg6 71. Kd5 Nxa4 72. Bxa4
1/2-1/2

[Event "Northumbria Masters GM"]
[Site "Newcastle"]
[Date "2021.08.30"]
[Round "8.2"]
[White "Haria, Ravi"]
[Black "Eggleston, David J"]
[Result "1-0"]
[WhiteElo "2440"]
[BlackElo "2381"]
[PlyCount "75"]
[EventDate "2021.08.26"]
[EventType "tourn"]
[EventRounds "9"]
[EventCountry "ENG"]
[EventCategory "8"]
[SourceTitle "The Week in Chess 1399"]
[Source "Mark Crowther"]
[SourceDate "2021.08.30"]
[SourceVersion "1"]
[SourceVersionDate "2021.08.30"]
[SourceQuality "2"]

1. e4 c5 2. Nf3 d6 3. Bb5+ Nd7 4. O-O Ngf6 5. Re1 a6 6. Bf1 e5 7. c3 Be7 8. d4
O-O 9. dxe5 dxe5 10. c4 Re8 11. Nc3 h6 12. Qc2 Bf8 13. Rd1 b6 14. h3 Bb7 15. a4
Bc6 16. Nd5 Qb8 17. Nh4 g6 18. Ra3 Bg7 19. Be2 Kh7 20. Be3 a5 21. Bc1 Re6 22.
g4 Ra7 23. Rg3 Rd6 24. Kh2 Qe8 25. Rdg1 Nf8 26. Nf5 gxf5 27. gxf5 Bh8 28. Qd3
Bxd5 29. cxd5 N8d7 30. Qf3 Qe7 31. Qg2 Ne8 32. Rg8 Ndf6 33. Bxh6 c4 34. Bf8
Qxf8 35. Rxf8 Bg7 36. Rxe8 Nxe8 37. Bxc4 Rf6 38. Bb5 1-0

[Event "Northumbria Masters GM"]
[Site "Newcastle"]
[Date "2021.08.30"]
[Round "8.3"]
[White "Harvey, Marcus R"]
[Black "Murphy, Conor E"]
[Result "1-0"]
[WhiteElo "2440"]
[BlackElo "2382"]
[PlyCount "81"]
[EventDate "2021.08.26"]
[EventType "tourn"]
[EventRounds "9"]
[EventCountry "ENG"]
[EventCategory "8"]
[SourceTitle "The Week in Chess 1399"]
[Source "Mark Crowther"]
[SourceDate "2021.08.30"]
[SourceVersion "1"]
[SourceVersionDate "2021.08.30"]
[SourceQuality "2"]

1. c4 e6 2. Nf3 d5 3. d4 Nf6 4. Nc3 Be7 5. Bf4 O-O 6. e3 b6 7. cxd5 Nxd5 8.
Nxd5 Qxd5 9. Bd3 Qa5+ 10. Kf1 Ba6 11. Bxc7 Bxd3+ 12. Qxd3 Na6 13. Be5 Nb4 14.
Qe2 Rac8 15. a3 Qa4 16. Kg1 Nc6 17. Bg3 Na5 18. Ne1 Qb3 19. h3 Nc4 20. Kh2 Qxb2
21. Qxb2 Nxb2 22. a4 Rc4 23. a5 b5 24. Rb1 Ba3 25. d5 a6 26. Be5 Na4 27. dxe6
f6 28. Bg3 Re8 29. Nf3 Rxe6 30. Rhd1 Re8 31. Rd7 Rcc8 32. Bd6 Nc5 33. Ra7 Rc6
34. Rd1 Bb4 35. Rd5 Rcc8 36. Nd4 Red8 37. Nf5 Ra8 38. Bxc5 Bxa5 39. Rxd8+ Rxd8
40. Ne7+ Kh8 41. Nc6 1-0

[Event "Northumbria Masters GM"]
[Site "Newcastle"]
[Date "2021.08.30"]
[Round "8.4"]
[White "Fodor, Tamas jr"]
[Black "Turner, Matthew J"]
[Result "1/2-1/2"]
[WhiteElo "2520"]
[BlackElo "2509"]
[PlyCount "24"]
[EventDate "2021.08.26"]
[EventType "tourn"]
[EventRounds "9"]
[EventCountry "ENG"]
[EventCategory "8"]
[SourceTitle "The Week in Chess 1399"]
[Source "Mark Crowther"]
[SourceDate "2021.08.30"]
[SourceVersion "1"]
[SourceVersionDate "2021.08.30"]
[SourceQuality "2"]

1. e4 e5 2. Nf3 d6 3. d4 exd4 4. Nxd4 Nf6 5. Nc3 Be7 6. Be2 O-O 7. O-O c5 8.
Nb3 Nc6 9. Be3 a6 10. f4 b5 11. Bf3 Bb7 12. Qd2 b4 1/2-1/2

[Event "Northumbria Masters GM"]
[Site "Newcastle"]
[Date "2021.08.30"]
[Round "8.5"]
[White "Cherniaev, Alexander"]
[Black "Kilpatrick, Callum"]
[Result "0-1"]
[WhiteElo "2438"]
[BlackElo "2381"]
[PlyCount "54"]
[EventDate "2021.08.26"]
[EventType "tourn"]
[EventRounds "9"]
[EventCountry "ENG"]
[EventCategory "8"]
[SourceTitle "The Week in Chess 1399"]
[Source "Mark Crowther"]
[SourceDate "2021.08.30"]
[SourceVersion "1"]
[SourceVersionDate "2021.08.30"]
[SourceQuality "2"]

1. d4 Nf6 2. g3 g6 3. Bg2 d5 4. c4 dxc4 5. Nf3 Bg7 6. Qa4+ Nfd7 7. O-O O-O 8.
Qxc4 Nb6 9. Qc2 Nc6 10. h3 Nxd4 11. Nxd4 Qxd4 12. Qxc7 Nd5 13. Qa5 Be6 14. Nd2
Rac8 15. Nb3 Qc4 16. Rd1 Rfd8 17. e4 Nb6 18. Rxd8+ Rxd8 19. Qxa7 Nc8 20. Qxb7
Rd1+ 21. Kh2 h5 22. Be3 Rxa1 23. Nxa1 h4 24. Nb3 hxg3+ 25. fxg3 Qe2 26. Bg5 Be5
27. Nc1 Qe1 0-1

[Event "Northumbria Masters GM"]
[Site "Newcastle"]
[Date "2021.08.30"]
[Round "9.1"]
[White "Kilpatrick, Callum"]
[Black "Roberson, Peter T"]
[Result "1-0"]
[WhiteElo "2381"]
[BlackElo "2437"]
[PlyCount "127"]
[EventDate "2021.08.26"]
[EventType "tourn"]
[EventRounds "9"]
[EventCountry "ENG"]
[EventCategory "8"]
[SourceTitle "The Week in Chess 1399"]
[Source "Mark Crowther"]
[SourceDate "2021.08.30"]
[SourceVersion "1"]
[SourceVersionDate "2021.08.30"]
[SourceQuality "2"]

1. e4 c5 2. Nf3 d6 3. Bb5+ Bd7 4. Bxd7+ Nxd7 5. O-O Ngf6 6. Re1 e6 7. b3 Be7 8.
Bb2 O-O 9. d4 cxd4 10. Nxd4 Nc5 11. Nd2 a6 12. a4 Rc8 13. Qf3 Re8 14. Rad1 Bf8
15. Nf1 Qb6 16. Ba1 Ncd7 17. Ng3 Ne5 18. Qe2 Ng6 19. h3 d5 20. exd5 Nxd5 21. c4
Ndf4 22. Qf3 Rcd8 23. Nde2 Nxe2+ 24. Nxe2 Bc5 25. Ng3 Nh4 26. Qf4 Ng6 27. Qf3
Nh4 28. Qe2 Rxd1 29. Rxd1 Qxb3 30. Nh5 Bf8 31. Kh2 Ng6 32. Rc1 e5 33. a5 Qa4
34. Qe4 Re7 35. Rb1 Qxa5 36. Ng3 Qc7 37. h4 Qc6 38. Qg4 Re6 39. h5 Nf4 40. Nf5
Rf6 41. f3 Qe6 42. Ne3 b6 43. Qg5 Nxh5 44. Ng4 Rf5 45. Qd8 Qxc4 46. Qxb6 Nf6
47. Ne3 Rh5+ 48. Kg1 Qf4 49. Qa7 g6 50. Rb8 Qa4 51. Bb2 Qa5 52. Qe7 Nd7 53. Ba3
Kg7 54. Rxf8 Nxf8 55. Qxf8+ Kf6 56. Qe7+ Kg7 57. Qf8+ Kf6 58. Ng4+ Kg5 59. Bc1+
Kh4 60. Kh2 Qe1 61. Qb4 Qg3+ 62. Kg1 Rf5 63. Nxe5+ Kh5 64. Qg4+ 1-0